عرض عادي عرض مارك
  • البلقيني، صالح بن عمر بن رسلان.

مدخل إسم شخص

عدد التسجيلات المستخدمة في: 3

001 - رقم الضبط

  • حقل الضبط: 96899

003 - معرف رقم الضبط

  • حقل الضبط: OSt

005 - تاريخ ووقت أخر عملية

  • حقل الضبط: 20220810123110.0

008 - عناصر بيانات ثابتة الطول

  • حقل تحكم ثابت الطول: 220810|| aca||aabn | a|a d

040 ## - مصدر الفهرسة

  • هيئة الفهرسة الأصلية: OSt
  • وكالة الكتابة: OSt

100 ## - مدخل -- أسم شخص

  • إسم شخص: البلقيني، صالح بن عمر بن رسلان.

670 ## - بيانات المصدر موجوده

  • الاستشهاد بالمصدر: Work cat.: (OSt): البلقيني، صالح بن عمر بن رسلان., ترجمة الإمام المجتهد شيخ الإسلام سراج الدين البلقيني / , 2015